000 00340nam a2200133Ia 4500
005 20260328104323.0
008 260328s9999||||xx |||||||||||||| ||und||
100 _aMontaner, Josep Maria
245 0 _aArquitectura y Crítica /
_cJosep Maria Montaner
260 _bGustavo Gili
300 _a109 p.
650 _aARQUITECTURA
942 _cBK
999 _c11409
_d11409